<?xml version="1.0" encoding="UTF-8"?>
<record
    xmlns:xsi="http://www.w3.org/2001/XMLSchema-instance"
    xsi:schemaLocation="http://www.loc.gov/MARC21/slim http://www.loc.gov/standards/marcxml/schema/MARC21slim.xsd"
    xmlns="http://www.loc.gov/MARC21/slim">

  <leader>00905nam a22002177a 4500</leader>
  <datafield tag="999" ind1=" " ind2=" ">
    <subfield code="c">58897</subfield>
    <subfield code="d">58897</subfield>
  </datafield>
  <controlfield tag="003">Ge_BSU</controlfield>
  <controlfield tag="005">20221017135314.0</controlfield>
  <controlfield tag="008">221017s2005    ge ||||| |||| 00| 0 geo d</controlfield>
  <datafield tag="020" ind1=" " ind2=" ">
    <subfield code="a">9994016938</subfield>
  </datafield>
  <datafield tag="041" ind1=" " ind2=" ">
    <subfield code="a">geo</subfield>
  </datafield>
  <datafield tag="080" ind1=" " ind2=" ">
    <subfield code="a">159.9 + 133.5+54  &#x10D8;-93</subfield>
  </datafield>
  <datafield tag="100" ind1=" " ind2=" ">
    <subfield code="a">&#x10D8;&#x10E3;&#x10DC;&#x10D2;&#x10D8;, &#x10D9;&#x10D0;&#x10E0;&#x10DA; &#x10D2;&#x10E3;&#x10E1;&#x10E2;&#x10D0;&#x10D5;</subfield>
    <subfield code="9">12135</subfield>
  </datafield>
  <datafield tag="245" ind1=" " ind2=" ">
    <subfield code="a">&#x10E4;&#x10E1;&#x10D8;&#x10E5;&#x10DD;&#x10DA;&#x10DD;&#x10D2;&#x10D8;&#x10D0; &#x10D3;&#x10D0; &#x10D0;&#x10DA;&#x10E5;&#x10D8;&#x10DB;&#x10D8;&#x10D0; / </subfield>
    <subfield code="c">&#x10D9;&#x10D0;&#x10E0;&#x10DA; &#x10D2;&#x10E3;&#x10E1;&#x10E2;&#x10D0;&#x10D5; &#x10D8;&#x10E3;&#x10DC;&#x10D2;&#x10D8; ; [&#x10DB;&#x10D7;&#x10D0;&#x10E0;&#x10D2;&#x10DB;&#x10DC;.: &#x10DB;&#x10D0;&#x10D8;&#x10D0; &#x10D1;&#x10D0;&#x10D3;&#x10E0;&#x10D8;&#x10EB;&#x10D4; ; &#x10E0;&#x10D4;&#x10D3;.: &#x10DA;&#x10D0;&#x10DA;&#x10D8; &#x10E5;&#x10D0;&#x10D3;&#x10D0;&#x10D2;&#x10D8;&#x10EB;&#x10D4;].</subfield>
  </datafield>
  <datafield tag="250" ind1=" " ind2=" ">
    <subfield code="a">[1-&#x10DA;&#x10D8; &#x10E5;&#x10D0;&#x10E0;&#x10D7;. &#x10D2;&#x10D0;&#x10DB;&#x10DD;&#x10EA;.].</subfield>
  </datafield>
  <datafield tag="264" ind1=" " ind2=" ">
    <subfield code="a">&#x10D7;&#x10D1;. : </subfield>
    <subfield code="b">&#x10D3;&#x10D8;&#x10DD;&#x10D2;&#x10D4;&#x10DC;&#x10D4;, </subfield>
    <subfield code="c">2005.</subfield>
  </datafield>
  <datafield tag="300" ind1=" " ind2=" ">
    <subfield code="a">520 &#x10D2;&#x10D5;. : </subfield>
    <subfield code="b">&#x10DC;&#x10D0;&#x10EE;. ; </subfield>
    <subfield code="c">22 &#x10E1;&#x10DB;.</subfield>
  </datafield>
  <datafield tag="504" ind1=" " ind2=" ">
    <subfield code="a">&#x10D1;&#x10D8;&#x10D1;&#x10DA;&#x10D8;&#x10DD;&#x10D2;&#x10E0;.: &#x10D2;&#x10D5;. 502-520.</subfield>
  </datafield>
  <datafield tag="653" ind1=" " ind2=" ">
    <subfield code="a">&#x10E4;&#x10E1;&#x10D8;&#x10E5;&#x10DD;&#x10DA;&#x10DD;&#x10D2;&#x10D8;&#x10D0;</subfield>
  </datafield>
  <datafield tag="653" ind1=" " ind2=" ">
    <subfield code="a">&#x10D0;&#x10DA;&#x10E5;&#x10D8;&#x10DB;&#x10D8;&#x10D0;</subfield>
  </datafield>
  <datafield tag="942" ind1=" " ind2=" ">
    <subfield code="2">udc</subfield>
    <subfield code="c">BK</subfield>
  </datafield>
  <datafield tag="952" ind1=" " ind2=" ">
    <subfield code="0">0</subfield>
    <subfield code="1">0</subfield>
    <subfield code="2">udc</subfield>
    <subfield code="4">0</subfield>
    <subfield code="6">1599__133554_&#x10D8;93</subfield>
    <subfield code="7">0</subfield>
    <subfield code="9">92667</subfield>
    <subfield code="a">CPL</subfield>
    <subfield code="b">CPL</subfield>
    <subfield code="c">GEN</subfield>
    <subfield code="d">2022-10-17</subfield>
    <subfield code="g">21.20</subfield>
    <subfield code="o">159.9 + 133.5+54  &#x10D8;-93</subfield>
    <subfield code="p">28706</subfield>
    <subfield code="r">2022-10-17</subfield>
    <subfield code="t">28706</subfield>
    <subfield code="w">2022-10-17</subfield>
    <subfield code="y">BK</subfield>
    <subfield code="z">21 &#x10DA;. 20 &#x10D7;.</subfield>
  </datafield>
</record>
